Normal view
MARC view
- Presidentes
Entry Materia
001 - NÚMERO DE CONTROL DEL REGISTRO
- campo de control: 48187
003 - IDENTIFICADOR DE NUMERO DE CONTROL
- campo de control: UPN
005 - FECHA Y HORA DE LA ÚLTIMA TRANSACCIÓN
- campo de control: 20230309104740.0
008 - DATOS DE LONGITUD FIJA
- campo de control de longitud fija: 230309|| aca||babn | a|a d
040 ## - FUENTE DE LA CATALOGACIÓN
- Centro catalogador de origen: MX-MxUPN
- Lengua de catalogación: spa
- Agencia de transcripción: MX-MxUPN
046 ## - FECHAS CON CODIFICACIÓN ESPECIAL
- Fecha final para contenidos agregados: 2023
150 ## - ENCABEZAMIENTO - TEMÁTICO
- Término de materia o nombre geográfico como elemento inicial: Presidentes
- Subdivisión geográfica: México
- Subdivisión de forma: Correspondencia, memorias, etc.
670 ## - FUENTE EN LA QUE SE LOCALIZARON DATOS
- Cita de la fuente: Biblioteca GTQ, Catálogo de autoridades, 09 marzo 2023:
- Información localizada: encabezamiento (Presidentes -- México)
670 ## - FUENTE EN LA QUE SE LOCALIZARON DATOS
- Cita de la fuente: Biblioteca GTQ, Catálogo de autoridades, 09 marzo 2023:
- Información localizada: (Subdivisión de forma: Correspondencia, memorias, etc.)
902 ## - CATALOGADOR
- Catalogador: NDAF/090323
